[Event "Candidates Tournament (Women)"]
[Site "Toronto"]
[Date "2024.04.17"]
[Round "11.2"]
[White "Tan, Zhongyi"]
[Black "Lagno, Kateryna"]
[Result "1-0"]
[WhiteElo "2521"]
[BlackElo "2542"]
[PlyCount "93"]
[EventDate "2024.04.04"]
[EventType "tourn"]
[EventRounds "14"]
[EventCountry "CAN"]
[EventCategory "11"]
[SourceTitle "CB17_2024"]
[SourceDate "2024.04.24"]
[SourceVersion "1"]
[SourceVersionDate "2024.04.24"]
[SourceQuality "1"]

1. Nf3 d5 2. g3 Nf6 3. Bg2 e6 4. 0-0 Be7 5. d4 0-0 6. Nbd2 c5 7. dxc5 Bxc5 8. c4 Nc6 9. e3 b6 10. b3 Bb7 11. Bb2 dxc4 12. Nxc4 Qe7 13. Ng5 e5 14. Ne4 Nxe4 15. Bxe4 Rad8 16. Qf3 f5 17. Bd5+ Kh8 18. Bxc6 e4 19. Qf4 Bxc6 20. Rfd1 Bd5 21. Ne5 Kg8 22. h4 Qe6 23. Nc4 Be7 24. Rac1 h6 25. Qc7 b5 26. Ne5 Bf6 27. Rc5 Rfe8 28. Rxb5 Bxb3 29. Rxd8 Bxd8 30. Qxa7 Bd1 31. Nc6 Bf6 32. Bxf6 Qxf6 33. Qd7 Bh5 34. Rxf5 Qa1+ 35. Kh2 Qxa2 36. g4 Bg6 37. h5 Bxf5 38. Qxe8+ Kh7 39. Kg3 Be6 40. Nd4 Bd5 41. Qe5 Ba8 42. Ne6 Qa7 43. Qf5+ Kg8 44. Qf8+ Kh7 45. g5 hxg5 46. Nxg5+ Kh6 47. Kh4 1-0

[Event "Candidates Tournament (Women)"]
[Site "Toronto"]
[Date "2024.04.07"]
[Round "4"]
[White "Lagno, Kateryna"]
[Black "Tan, Zhongyi"]
[Result "1/2-1/2"]
[WhiteElo "2542"]
[BlackElo "2521"]
[PlyCount "112"]
[EventDate "2024.04.04"]
[EventType "tourn"]
[EventRounds "14"]
[EventCountry "CAN"]
[EventCategory "11"]
[SourceTitle "CB17_2024"]
[SourceDate "2024.04.24"]
[SourceVersion "1"]
[SourceVersionDate "2024.04.24"]
[SourceQuality "1"]

1. e4 c5 2. Nf3 d6 3. d4 cxd4 4. Nxd4 Nf6 5. Nc3 a6 6. Be2 e5 7. Nb3 Be7 8. Be3 Be6 9. 0-0 0-0 10. Re1 Nbd7 11. a4 b6 12. h3 Qc7 13. Qd3 Rfc8 14. Rec1 Qb7 15. Bf3 Rc7 16. Nd2 Nc5 17. Qe2 h6 18. b4 Ncd7 19. Qd3 Rac8 20. Ra3 Bc4 21. Nxc4 Rxc4 22. Rb3 Qc7 23. Bd2 d5 24. Nxd5 Nxd5 25. exd5 Nf6 26. Qf1 Qd7 27. c3 Qxa4 28. Rbb1 Qa2 29. Rd1 R4c7 30. Ra1 Qc2 31. Be3 Rd7 32. Rdc1 Qb2 33. Rab1 Qa3 34. Ra1 Qb2 35. Qd3 e4 36. Bxe4 Nxe4 37. Qxe4 Rxc3 38. Rxc3 Qxa1+ 39. Rc1 Qf6 40. Rc6 Qa1+ 41. Kh2 Bf8 42. Rxb6 Rd8 43. Bf4 Qa2 44. d6 a5 45. Ra6 Qxf2 46. bxa5 g5 47. Bg3 Qf6 48. Qd5 h5 49. Qf3 Qg6 50. Ra8 Rxa8 51. Qxa8 h4 52. Be5 Qe6 53. Qe4 Bxd6 54. Qa8+ Kh7 55. Bxd6 Qxd6+ 56. Kh1 Qd1+ 1/2-1/2

[Event "Wch Blitz (Women)"]
[Site "Samarkand"]
[Date "2023.12.29"]
[Round "7"]
[White "Khamdamova, Afruza"]
[Black "Tan, Zhongyi"]
[Result "0-1"]
[WhiteElo "2327"]
[BlackElo "2521"]
[PlyCount "84"]
[EventDate "2023.12.29"]
[EventType "swiss (blitz)"]
[EventRounds "17"]
[EventCountry "UZB"]
[SourceTitle "CB01_2024"]
[SourceDate "2024.01.03"]
[SourceVersion "1"]
[SourceVersionDate "2024.01.03"]
[SourceQuality "1"]

1. e4 e5 2. Nf3 Nc6 3. Bb5 a6 4. Ba4 Nf6 5. 0-0 Be7 6. Re1 b5 7. Bb3 0-0 8. c3 d6 9. h3 h6 10. d4 Re8 11. Nbd2 Bf8 12. Bc2 Bb7 13. d5 Ne7 14. b3 c5 15. Nf1 Ng6 16. Ng3 Bc8 17. Be3 Bd7 18. Qd2 a5 19. Bd3 a4 20. Bf1 Qc7 21. c4 axb3 22. axb3 b4 23. Qb2 Nf4 24. Kh2 Qb7 25. Rxa8 Rxa8 26. Ra1 Ra6 27. Nd2 Qa7 28. Rxa6 Qxa6 29. Nb1 h5 30. f3 h4 31. Ne2 N6h5 32. Nxf4 exf4 33. Bf2 g5 34. Qc2 Qa1 35. Bd3 Bg7 36. Qd2 Ng3 37. Qc2 Bd4 38. Bxd4 Qxd4 39. Qd1 Qf2 40. Qd2 Qd4 41. Qd1 Kg7 42. Bf1 Qxd1 0-1

[Event "Wch Rapid (Women)"]
[Site "Samarkand"]
[Date "2023.12.26"]
[Round "2"]
[White "Tan, Zhongyi"]
[Black "Badelka, Olga"]
[Result "1/2-1/2"]
[WhiteElo "2521"]
[BlackElo "2395"]
[PlyCount "114"]
[EventDate "2023.12.26"]
[EventType "swiss (rapid)"]
[EventRounds "11"]
[EventCountry "UZB"]
[SourceTitle "CB01_2024"]
[SourceDate "2024.01.03"]
[SourceVersion "1"]
[SourceVersionDate "2024.01.03"]
[SourceQuality "1"]

1. d4 d5 2. c4 e6 3. Nc3 Nf6 4. Nf3 Nbd7 5. cxd5 exd5 6. Bf4 c6 7. h3 Be7 8. e3 Nf8 9. Bd3 Ng6 10. 0-0 Nxf4 11. exf4 0-0 12. Ne5 Re8 13. Re1 Be6 14. Rc1 Qb6 15. Na4 Qa5 16. a3 Rad8 17. Nc5 Bxc5 18. Rxc5 Qc7 19. Rc2 Ne4 20. Qf3 f6 21. Ng4 Nd6 22. Rce2 Bf7 23. Qg3 Kh8 24. Qh4 Bg8 25. Bg6 Rxe2 26. Rxe2 Rf8 27. Nh2 c5 28. dxc5 Qxc5 29. Nf3 Qc4 30. Rc2 Qb5 31. Nd4 Qb6 32. f5 Rc8 33. Rxc8 Nxc8 34. b4 Ne7 35. Bh5 Qd6 36. Be2 Qe5 37. Bd3 Nc6 38. Ne6 Bxe6 39. fxe6 h6 40. Qg4 Qe1+ 41. Kh2 Ne5 42. Qe2 Qxe2 43. Bxe2 Kg8 44. f4 Nc6 45. Bf3 Ne7 46. g4 Kf8 47. Kg3 Ke8 48. f5 Kd8 49. Kf4 Kc7 50. Bd1 Kd6 51. Ba4 Nc8 52. Bb5 a6 53. Bd3 b5 54. Ke3 Ne7 55. Kf4 Nc6 56. Ke3 Ne5 57. Be2 Nc6 1/2-1/2

[Event "FIDE Grand Swiss (Women)"]
[Site "Douglas"]
[Date "2023.11.04"]
[Round "10"]
[White "Vaishali, Ramesh Babu"]
[Black "Tan, Zhongyi"]
[Result "1-0"]
[WhiteElo "2448"]
[BlackElo "2517"]
[PlyCount "85"]
[EventDate "2023.10.25"]
[EventType "swiss"]
[EventRounds "11"]
[EventCountry "IOM"]
[SourceTitle "Mega2024 Update 01"]
[Source "Chessbase"]
[SourceDate "2023.11.12"]
[SourceVersion "1"]
[SourceVersionDate "2023.11.12"]
[SourceQuality "1"]

1. e4 c5 2. Nf3 d6 3. d4 cxd4 4. Nxd4 Nf6 5. Nc3 Nc6 6. Bg5 Bd7 7. Nxc6 Bxc6 8. Bxf6 gxf6 9. Bb5 Rg8 10. 0-0 Qd7 11. Bxc6 bxc6 12. f4 Rb8 13. Qf3 Qg4 14. b3 Rb4 15. Rad1 e6 16. Qf2 f5 17. a3 Rb7 18. Rd3 Be7 19. Kh1 Bh4 20. Qd2 d5 21. h3 Qg6 22. exf5 Qxf5 23. Ne2 e5 24. Re3 Re7 25. Qb4 Qg6 26. g4 h5 27. fxe5 hxg4 28. Qb8+ Kd7 29. Qxa7+ Kc8 30. Qa8+ Kc7 31. Qa7+ Kc8 32. Qa6+ Kc7 33. Nf4 Qh7 34. Qa7+ Kc8 35. Qa8+ Kd7 36. Qb7+ Kd8 37. Qb8+ Kd7 38. Qb7+ Kd8 39. Qxc6 Rc7 40. Qxd5+ Ke8 41. Qa8+ Bd8 42. Rd1 Qh4 43. Red3 1-0

[Event "FIDE Grand Swiss (Women)"]
[Site "Douglas"]
[Date "2023.11.03"]
[Round "9"]
[White "Milliet, Sophie"]
[Black "Tan, Zhongyi"]
[Result "0-1"]
[WhiteElo "2391"]
[BlackElo "2517"]
[PlyCount "154"]
[EventDate "2023.10.25"]
[EventType "swiss"]
[EventRounds "11"]
[EventCountry "IOM"]
[SourceTitle "Mega2024 Update 01"]
[Source "Chessbase"]
[SourceDate "2023.11.12"]
[SourceVersion "1"]
[SourceVersionDate "2023.11.12"]
[SourceQuality "1"]

1. e4 c5 2. Nf3 e6 3. c3 Nf6 4. e5 Nd5 5. d4 cxd4 6. cxd4 d6 7. Bc4 dxe5 8. dxe5 Be7 9. 0-0 0-0 10. Qe2 Bd7 11. Nbd2 Bc6 12. Ne4 Nd7 13. Bd3 Qc7 14. Neg5 h6 15. Nh7 Rfd8 16. Bb1 Qb6 17. a4 g6 18. Qd2 Nf8 19. Nxf8 Bxf8 20. Qe2 Qb4 21. Qe4 Rac8 22. Nd4 Be8 23. Be3 Qxb2 24. Ra2 Qb4 25. Bd2 Nc3 26. Bxc3 Rxc3 27. Nb5 Rc4 28. Qxb7 Bc6 29. Qa6 Bxg2 30. Kxg2 Rg4+ 31. Kh1 Qc4 32. Nc7 Qxc7 33. Qe2 Qc6+ 34. f3 Rxa4 35. Rxa4 Qxa4 36. Rg1 Bc5 37. Rc1 Bb6 38. Be4 Qd4 39. f4 Qe3 40. Qxe3 Bxe3 41. Rc4 Bxf4 42. Bxg6 Rd1+ 43. Kg2 fxg6 44. Rxf4 Rd5 45. Rf6 Rxe5 46. Rxg6+ Kh7 47. Rf6 Kg7 48. Rf4 Rg5+ 49. Kh3 a5 50. Ra4 Kf6 51. Kh4 Rb5 52. Ra3 Ke7 53. Kg4 Rf5 54. Ra4 Kd6 55. h3 Rb5 56. Ra1 Rf5 57. Ra4 h5+ 58. Kh4 Kc6 59. Re4 e5 60. Kg3 Kb5 61. Re1 a4 62. Re3 Ka5 63. Kh4 Kb4 64. Re4+ Kc3 65. Re3+ Kc2 66. Re2+ Kd3 67. Ra2 Kc3 68. Re2 a3 69. Re3+ Kb4 70. Re4+ Kb5 71. Re2 Kc4 72. Re3 a2 73. Ra3 Rf2 74. Kxh5 Rg2 75. h4 e4 76. Kh6 e3 77. h5 Rd2 0-1

[Event "Shenzhen Nanshan (Women)"]
[Site "Shenzhen"]
[Date "2023.10.13"]
[Round "3.2"]
[White "Zhai, Mo"]
[Black "Tan, Zhongyi"]
[Result "0-1"]
[WhiteElo "2328"]
[BlackElo "2517"]
[PlyCount "110"]
[EventDate "2023.10.11"]
[EventType "k.o."]
[EventRounds "3"]
[EventCountry "CHN"]
[SourceTitle "Mega2024 Update 01"]
[Source "Chessbase"]
[SourceDate "2023.11.12"]
[SourceVersion "1"]
[SourceVersionDate "2023.11.12"]
[SourceQuality "1"]

1. d4 d5 2. c4 e6 3. Nc3 c5 4. cxd5 cxd4 5. Qa4+ Bd7 6. Qxd4 exd5 7. Qxd5 Nf6 8. Qd1 Bc5 9. Nf3 0-0 10. e3 Nc6 11. Be2 Qe7 12. 0-0 Rfd8 13. Qc2 Rac8 14. a3 Ne5 15. b4 Bd6 16. Bb2 Nfg4 17. g3 Qf6 18. Nxe5 Bxe5 19. Rac1 Nxh2 20. Rfd1 Nf3+ 21. Kg2 Bc6 22. e4 Nd4 23. Qd3 Nxe2 24. Qxe2 Rxd1 25. Nxd1 Bxb2 26. Nxb2 h6 27. f3 a6 28. Nd3 Rd8 29. Nf2 Bb5 30. Qc2 h5 31. Rd1 Rxd1 32. Qxd1 Qc3 33. Qd8+ Kh7 34. Qd5 Qxa3 35. Qxf7 Qxb4 36. e5 Qc4 37. Qxh5+ Kg8 38. Qf5 Qf1+ 39. Kh2 Qxf2+ 40. Kh1 Qf1+ 41. Kh2 Qe2+ 42. Kh1 Qd1+ 43. Kh2 Qd2+ 44. Kh1 Qc1+ 45. Kh2 Qd2+ 46. Kh1 Bd7 47. Qe4 Bc6 48. Qf5 Qd1+ 49. Kh2 Qxf3 50. Qe6+ Qf7 51. Qc8+ Qe8 52. Qf5 Qd7 53. e6 Qd2+ 54. Kh3 Qh6+ 55. Kg4 Qf6 0-1

[Event "Shenzhen Nanshan (Women)"]
[Site "Shenzhen"]
[Date "2023.10.12"]
[Round "2.3"]
[White "Tan, Zhongyi"]
[Black "Yan, Tianqi"]
[Result "1-0"]
[WhiteElo "2517"]
[BlackElo "2302"]
[PlyCount "38"]
[EventDate "2023.10.11"]
[EventType "k.o."]
[EventRounds "3"]
[EventCountry "CHN"]
[SourceTitle "Mega2024 Update 01"]
[Source "Chessbase"]
[SourceDate "2023.11.12"]
[SourceVersion "1"]
[SourceVersionDate "2023.11.12"]
[SourceQuality "1"]

1. d4 Nf6 2. c4 e6 3. Nc3 Bb4 4. Qc2 d6 5. Nf3 0-0 6. Bd2 Nbd7 7. a3 Bxc3 8. Bxc3 d5 9. e3 Ne4 10. Bd3 Ndf6 11. 0-0 Nxc3 12. Qxc3 dxc4 13. Qxc4 Bd7 14. Rac1 Rc8 15. Ne5 Be8 16. b4 a6 17. Qc5 Nd5 18. Bxh7+ Kxh7 19. Qxf8 b6 1-0

[Event "Asian Games tt (Women)"]
[Site "Hangzhou"]
[Date "2023.10.05"]
[Round "7.3"]
[White "Tan, Zhongyi"]
[Black "Sihite, Chelsie Monica"]
[Result "1-0"]
[WhiteElo "2517"]
[BlackElo "2251"]
[PlyCount "73"]
[EventDate "2023.09.29"]
[EventType "team-tourn"]
[EventRounds "9"]
[EventCountry "CHN"]
[SourceTitle "EXT 2024"]
[Source "ChessBase"]
[SourceDate "2023.10.10"]
[SourceVersion "1"]
[SourceVersionDate "2023.10.10"]
[SourceQuality "1"]
[WhiteTeam "China (W)"]
[BlackTeam "Indonesia (W)"]
[WhiteTeamCountry "CHN"]
[BlackTeamCountry "INA"]

1. d4 Nf6 2. c4 e6 3. Nf3 b6 4. Nc3 Bb4 5. Qb3 c5 6. a3 Bxc3+ 7. Qxc3 Bb7 8. e3 0-0 9. Be2 Ne4 10. Qc2 Ng5 11. dxc5 Nxf3+ 12. gxf3 bxc5 13. b3 f5 14. Bb2 Qe7 15. Rg1 Rf7 16. f4 Nc6 17. Qc3 Raf8 18. 0-0-0 d5 19. Bh5 Rf6 20. cxd5 exd5 21. Rxd5 Nd4 22. Re5 Ne6 23. Be2 Bc8 24. Bc4 R8f7 25. Kb1 h6 26. e4 Kf8 27. Re1 Qd6 28. exf5 Nc7 29. Bxf7 Rxf7 30. Rxc5 Qxf4 31. f6 gxf6 32. Bc1 Qxh2 33. f4 Qf2 34. Rxc7 Bf5+ 35. Ka1 Rxc7 36. Qxf6+ Kg8 37. Re8+ 1-0